| 000 | 00811nam a22002538a 4500 | ||
|---|---|---|---|
| 001 | 18173 | ||
| 003 | BD-RjUL | ||
| 005 | 20211209000239.0 | ||
| 008 | 140219s1986 nyua 00011 eng | ||
| 020 | _a0393023567 | ||
| 035 | _a(BD-RjUL)18231 | ||
| 040 |
_aDLC _cDLC _dBD-RjUL _beng |
||
| 041 | _aeng | ||
| 082 | 0 | 0 |
_a808.831 _bWAF 1986 |
| 100 | 1 |
_aWarner, Sylvia Townsend, _d1893- _955958 |
|
| 245 | 1 | 0 |
_aFour in hand : _ba quartet of novels / _cSylvia Townsend Warner ; introduction by William Maxwell. |
| 260 |
_aNew York : _bNorton, _cc1986. |
||
| 300 |
_axv, 905 p. : _bill. ; _c24 cm. |
||
| 505 | 0 | _aLolly Willowes -- Mr. Fortune's maggot -- Summer will show -- The corner that held them. | |
| 650 | 0 |
_aShort stories. _955959 |
|
| 942 |
_2ddc _cBK |
||
| 999 |
_c18173 _d18173 |
||